[Event "EWICC 2019"]
[Site "Antalya"]
[Date "2019.04.16"]
[Round "6.38"]
[White "Protopopova, Anastasiya"]
[Black "Radeva, Viktoria"]
[Result "0-1"]
[WhiteElo "2308"]
[BlackElo "2192"]
[Annotator "NA"]
[PlyCount "96"]
[EventDate "2019.04.11"]
[EventType "swiss"]
[EventCountry "TUR"]
[SourceTitle "playchess.com"]
[Source "ChessBase"]
[SourceQuality "1"]

1. c4 e6 2. Nf3 d5 3. b3 Nf6 4. Bb2 c5 5. g3 Nc6 6. e3 d4 7. exd4 cxd4 8. Bg2 Be7 9. O-O O-O 10. Re1 Ne8 11. a3 a5 12. d3 f6 13. Nbd2 e5 14. Qc2 Nc7 15. c5 Be6 16. Bc1 Na6 17. Ne4 Rc8 18. Rb1 Bd5 19. Nfd2 Kh8 20. g4 b6 21. Nd6 Bxd6 22. Bxd5 Ne7 23. Bb7 Rxc5 24. Qd1 Nb8 25. b4 Rc7 26. Bg2 axb4 27. axb4 Nbc6 28. Qa4 Qb8 29. Qb5 Na7 30. Qa6 Nac8 31. Nc4 Ra7 32. Qb5 Qc7 33. Bd2 Ra2 34. Red1 Rd8 35. Rbc1 Qb8 36. h3 Bc7 37. Ra1 Na7 38. Rxa2 Nxb5 39. Rda1 Qc8 40. Ra6 Qe6 41. R1a5 Nc3 42. Ra1 Ned5 43. Ra7 Bb8 44. R7a6 f5 45. gxf5 Qxf5 46. Nxb6 Nxb4 47. Ra8 Nxd3 48. Nc4 Ne2+ 0-1

[Event "EWICC 2019"]
[Site "Antalya"]
[Date "2019.04.16"]
[Round "6.39"]
[White "Janzelj, Lara"]
[Black "Lubbe, Melanie"]
[Result "1/2-1/2"]
[WhiteElo "2182"]
[BlackElo "2304"]
[Annotator "NA"]
[PlyCount "110"]
[EventDate "2019.04.11"]
[EventType "swiss"]
[EventCountry "TUR"]
[SourceTitle "playchess.com"]
[Source "ChessBase"]
[SourceQuality "1"]

1. c4 g6 2. g3 Bg7 3. Bg2 d6 4. Nf3 e5 5. d3 Nc6 6. O-O f5 7. Nc3 Nf6 8. Rb1 a5 9. a3 O-O 10. b4 axb4 11. axb4 h6 12. Ne1 g5 13. e3 f4 14. Nd5 Nxd5 15. Bxd5+ Kh8 16. Bg2 Ne7 17. exf4 gxf4 18. gxf4 exf4 19. Bb2 Bxb2 20. Rxb2 Nf5 21. Kh1 Qf6 22. Qd2 Nh4 23. Be4 Bh3 24. Rg1 Rg8 25. Rxg8+ Rxg8 26. Ra2 Nf5 27. Bd5 Rg7 28. Bg2 Bxg2+ 29. Nxg2 f3 30. Nf4 Qg5 31. Ra1 Kh7 32. d4 c6 33. d5 cxd5 34. cxd5 h5 35. Re1 Kh6 36. Re6+ Kh7 37. Re1 h4 38. h3 Rg8 39. b5 Kh6 40. Qc1 Nd4 41. Qe3 Ne2 42. Nxe2 Qxe3 43. fxe3 fxe2 44. Rxe2 Rc8 45. Kg2 Kg5 46. Kf3 Rc5 47. Rg2+ Kf6 48. Rg4 Rxb5 49. Rxh4 Rxd5 50. Rh7 b5 51. Rb7 Rh5 52. Kg4 Re5 53. Kf4 Rf5+ 54. Kg4 Rg5+ 55. Kf4 Rf5+ 1/2-1/2

[Event "EWICC 2019"]
[Site "Antalya"]
[Date "2019.04.16"]
[Round "6.40"]
[White "Belenkaya, Dina"]
[Black "Trippold, Denise"]
[Result "1-0"]
[WhiteElo "2297"]
[BlackElo "2158"]
[Annotator "NA RC"]
[PlyCount "146"]
[EventDate "2019.04.11"]
[EventType "swiss"]
[EventCountry "TUR"]
[SourceTitle "playchess.com"]
[Source "ChessBase"]
[SourceQuality "1"]

1. e4 e6 2. d4 d5 3. Nc3 Nf6 4. e5 Nfd7 5. Nce2 c5 6. c3 Nc6 7. Nf3 Qb6 8. g3 Be7 9. Bg2 O-O 10. O-O a5 11. Nf4 a4 12. a3 Qc7 13. h4 cxd4 14. cxd4 b5 15. Ng5 Nb6 16. Qc2 Bxg5 17. hxg5 Nc4 18. Be3 Qe7 19. Nh5 Nxe3 20. fxe3 Qxg5 21. Qxc6 Ra6 22. Qxb5 Qxh5 23. Rfc1 Ra8 24. Rc3 Qg4 25. Kh2 Qh5+ 26. Kg1 Qg4 27. e4 dxe4 28. Re1 Ba6 29. Qxa4 Bd3 30. Qd1 Qxg3 31. Rxe4 Qxg2+ 32. Kxg2 Bxe4+ 33. Kg1 Rfd8 34. b4 Rd7 35. a4 h6 36. b5 Rad8 37. Rc4 Bd5 38. Rb4 Rc8 39. b6 Bb7 40. Qd2 Rdd8 41. a5 Rc6 42. Rb5 Rc4 43. Rb4 Rc6 44. a6 Bxa6 45. Qa2 Rc1+ 46. Kf2 Rdc8 47. Rb2 Bb7 48. Qa7 R1c2+ 49. Rxc2 Rxc2+ 50. Ke3 Bd5 51. b7 Bxb7 52. Qxb7 Rc3+ 53. Ke4 Rc1 54. Qd7 Re1+ 55. Kd3 g6 56. Qd8+ Kg7 57. Qf6+ Kg8 58. Qh4 Rd1+ 59. Ke2 Ra1 60. Qxh6 Ra4 61. Kd3 Ra1 62. Qf4 Ra5 63. Qf6 Rd5 64. Ke3 Rd7 65. Qf2 Ra7 66. Qb2 Rd7 67. Kf4 Rd8 68. Kg5 Kg7 69. Qf2 Rh8 70. Qf6+ Kg8 71. d5 Rh5+ 72. Kg4 exd5 73. e6 Rf5 1-0

[Event "EWICC 2019"]
[Site "Antalya"]
[Date "2019.04.16"]
[Round "6.41"]
[White "Petrenko, Svetlana"]
[Black "Maltsevskaya, Aleksandra"]
[Result "1-0"]
[WhiteElo "2155"]
[BlackElo "2296"]
[Annotator "NA"]
[PlyCount "79"]
[EventDate "2019.04.11"]
[EventType "swiss"]
[EventCountry "TUR"]
[SourceTitle "playchess.com"]
[Source "ChessBase"]
[SourceQuality "1"]

1. e4 c5 2. Nf3 e6 3. d4 cxd4 4. Nxd4 Nf6 5. Nc3 Nc6 6. Ndb5 Bc5 7. Nd6+ Ke7 8. Nxc8+ Rxc8 9. Bd3 h5 10. h3 Qb6 11. O-O Qc7 12. Bg5 Kf8 13. Qd2 Ne5 14. Ne2 Nfg4 15. hxg4 hxg4 16. Bf4 Qd8 17. Bg3 Qf6 18. Qf4 Qg6 19. Qxe5 f6 20. Nf4 Qf7 21. Nxe6+ dxe6 22. Qf4 Qh5 23. Bh2 Kf7 24. Be2 Bd4 25. Bxg4 Qg6 26. Bxe6+ Ke8 27. Qd6 Rd8 28. Bf5 Qh6 29. Qe6+ Kf8 30. Bd6+ Rxd6 31. Qxd6+ Kf7 32. Be6+ Kg6 33. Qg3+ Kh7 34. Qh3 Be5 35. Qxh6+ Kxh6 36. c3 g6 37. g3 Bc7 38. Kg2 Re8 39. Rh1+ Kg7 40. Bd5 1-0

[Event "EWICC 2019"]
[Site "Antalya"]
[Date "2019.04.16"]
[Round "6.42"]
[White "Cornette, Deimante"]
[Black "Utiatskaja, Irina"]
[Result "1/2-1/2"]
[WhiteElo "2464"]
[BlackElo "2210"]
[Annotator "ChessBase"]
[PlyCount "71"]
[EventDate "2019.04.11"]
[EventType "swiss"]
[EventCountry "TUR"]
[SourceTitle "playchess.com"]
[Source "ChessBase"]
[SourceQuality "1"]

1. e4 c5 2. Nf3 d6 3. Bb5+ Nd7 4. d4 cxd4 5. Qxd4 a6 6. Bxd7+ Bxd7 7. O-O e5 8. Qd3 Rc8 9. Nc3 h6 10. a4 Nf6 11. Rd1 Qc7 12. Nd2 Be7 13. Nf1 Qc4 14. Qg3 g6 15. Ne3 Qe6 16. Ned5 Nxd5 17. Nxd5 Bd8 18. Qd3 Kf8 19. c4 Kg7 20. b3 Bc6 21. Ba3 Bg5 22. Ne3 Rhd8 23. a5 Bxe3 24. Qxe3 f5 25. f3 fxe4 26. fxe4 Rd7 27. h3 Rf8 28. Rf1 Rf4 29. Rxf4 exf4 30. Qxf4 Qxe4 31. Qxe4 Bxe4 32. Rd1 Bc2 33. Rxd6 Rxd6 34. Bxd6 Bxb3 35. c5 Kf7 36. Kf2 1/2-1/2

[Event "EWICC 2019"]
[Site "Antalya"]
[Date "2019.04.16"]
[Round "6.43"]
[White "Motycakova, Monika"]
[Black "Tomilova, Elena"]
[Result "0-1"]
[WhiteElo "2174"]
[BlackElo "2307"]
[Annotator "NA"]
[PlyCount "60"]
[EventDate "2019.04.11"]
[EventType "swiss"]
[EventCountry "TUR"]
[SourceTitle "playchess.com"]
[Source "ChessBase"]
[SourceQuality "1"]

1. e4 c5 2. Nf3 d6 3. d4 cxd4 4. Nxd4 Nf6 5. Nc3 e6 6. Be2 Nc6 7. Be3 Be7 8. O-O O-O 9. f4 e5 10. Nb3 exf4 11. Bxf4 Be6 12. Kh1 d5 13. e5 Nd7 14. Nxd5 Ndxe5 15. Nxe7+ Qxe7 16. Qe1 Ng6 17. Bg3 Rfe8 18. Bf3 Rad8 19. Rd1 Rxd1 20. Bxd1 Qg5 21. Qc3 Nh4 22. Re1 Rd8 23. Bxh4 Qxh4 24. Bf3 h6 25. Nc5 Nd4 26. g3 Qf6 27. Bxb7 Bh3 28. Bg2 Qf2 29. Be4 Nxc2 30. Nd3 Rxd3 0-1

[Event "EWICC 2019"]
[Site "Antalya"]
[Date "2019.04.16"]
[Round "6.44"]
[White "Mamedjarova, Zeinab"]
[Black "Petrova, Irina"]
[Result "1-0"]
[WhiteElo "2280"]
[BlackElo "2164"]
[Annotator "NA"]
[PlyCount "75"]
[EventDate "2019.04.11"]
[EventType "swiss"]
[EventCountry "TUR"]
[SourceTitle "playchess.com"]
[Source "ChessBase"]
[SourceQuality "1"]

1. d4 d5 2. Nf3 Nf6 3. e3 c6 4. Bd3 Bg4 5. O-O Nbd7 6. Nbd2 e6 7. c3 Bd6 8. Re1 Qc7 9. h3 Bh5 10. e4 dxe4 11. Nxe4 Nxe4 12. Bxe4 Nf6 13. Bc2 O-O-O 14. b4 Kb8 15. Rb1 Rhe8 16. b5 cxb5 17. Rxb5 Qxc3 18. Re3 Qc7 19. Reb3 Rc8 20. Rxb7+ Qxb7 21. Rxb7+ Kxb7 22. Bg5 Bg6 23. Ba4 Rg8 24. Ne5 Bxe5 25. dxe5 Nd5 26. Bb5 h6 27. Bd2 Rc2 28. Qe2 Rb8 29. Kh2 Kc8 30. Ba4 Rc5 31. Qa6+ Rb7 32. Bc6 Rxc6 33. Qxc6+ Rc7 34. Qa8+ Kd7 35. Ba5 Nb6 36. Qf8 Rc2 37. a3 Nc8 38. Qd8+ 1-0

[Event "EWICC 2019"]
[Site "Antalya"]
[Date "2019.04.16"]
[Round "6.45"]
[White "Sedina, Elena"]
[Black "Zubova, Mariya"]
[Result "0-1"]
[WhiteElo "2271"]
[BlackElo "2149"]
[Annotator "NA"]
[PlyCount "102"]
[EventDate "2019.04.11"]
[EventType "swiss"]
[EventCountry "TUR"]
[SourceTitle "playchess.com"]
[Source "ChessBase"]
[SourceQuality "1"]

1. e4 e5 2. Bc4 Nf6 3. d3 c6 4. Nf3 d5 5. Bb3 Bb4+ 6. Bd2 Bxd2+ 7. Nbxd2 Nbd7 8. O-O O-O 9. Re1 Re8 10. d4 exd4 11. exd5 c5 12. c3 Rxe1+ 13. Qxe1 Nb6 14. cxd4 cxd4 15. Nxd4 Nbxd5 16. N2f3 Bg4 17. h3 Bh5 18. Qe5 Qd7 19. Rd1 Bg6 20. Nc2 Re8 21. Qd4 Nb6 22. Ne3 Qxd4 23. Rxd4 Kf8 24. Nh4 Be4 25. Nhf5 Bc6 26. Nd6 Rd8 27. Rd1 Rd7 28. Nef5 g6 29. Nh6 Nfd5 30. Nc4 Nxc4 31. Bxc4 f5 32. g4 Kg7 33. g5 Nf4 34. Rxd7+ Bxd7 35. h4 Be6 36. Bxe6 Nxe6 37. Kf1 Nf4 38. b3 a5 39. f3 Nd3 40. a3 Nc5 41. b4 axb4 42. axb4 Na6 43. b5 Nc7 44. b6 Nd5 45. Ke2 Nxb6 46. Kd3 Nd5 47. Kd4 Nf4 48. Ke5 Nd3+ 49. Ke6 b5 50. Nf7 b4 51. Nd6 b3 0-1

[Event "EWICC 2019"]
[Site "Antalya"]
[Date "2019.04.16"]
[Round "6.46"]
[White "Soyunlu, Narmin"]
[Black "Heinemann, Josefine"]
[Result "1-0"]
[WhiteElo "2064"]
[BlackElo "2257"]
[Annotator "NA"]
[PlyCount "54"]
[EventDate "2019.04.11"]
[EventType "swiss"]
[EventCountry "TUR"]
[SourceTitle "playchess.com"]
[Source "ChessBase"]
[SourceQuality "1"]

1. d4 Nf6 2. c4 e6 3. Nc3 Bb4 4. Nf3 b6 5. Bg5 h6 6. Bh4 d6 7. Qa4+ Nc6 8. Qxc6+ Bd7 9. Bxf6 Bxc6 10. Bxd8 Bxc3+ 11. bxc3 Kxd8 12. e3 g5 13. Bd3 Ke7 14. e4 Bd7 15. Kd2 f6 16. e5 dxe5 17. dxe5 f5 18. Rhd1 Rag8 19. Nd4 g4 20. a4 c5 21. Ne2 a5 22. Nf4 Kd8 23. Ke3 Kc7 24. Bc2 Rh7 25. Rd6 Re7 26. Rad1 Rg5 27. Rxd7+ Rxd7 1-0

[Event "EWICC 2019"]
[Site "Antalya"]
[Date "2019.04.16"]
[Round "6.47"]
[White "Sade, Defne"]
[Black "Gevorgyan, Maria"]
[Result "0-1"]
[WhiteElo "2013"]
[BlackElo "2256"]
[Annotator "NA"]
[PlyCount "116"]
[EventDate "2019.04.11"]
[EventType "swiss"]
[EventCountry "TUR"]
[SourceTitle "playchess.com"]
[Source "ChessBase"]
[SourceQuality "1"]

1. e4 c5 2. Nf3 Nc6 3. d4 cxd4 4. Nxd4 g6 5. Nc3 Bg7 6. Be3 Nf6 7. Bc4 O-O 8. Bb3 Re8 9. h3 d6 10. O-O Na5 11. Qd3 b6 12. Nd5 Nxb3 13. axb3 Bb7 14. c4 Nxd5 15. exd5 a6 16. Rad1 Qc7 17. Rfe1 e6 18. dxe6 fxe6 19. Nf3 Rad8 20. Bg5 Rd7 21. Bf4 Qc6 22. Bg3 Bxb2 23. Be5 Bxe5 24. Rxe5 Ree7 25. Rg5 Qe4 26. Qd2 e5 27. Rg4 Qf5 28. Nh4 Qf6 29. Qe3 Rg7 30. Nf3 Bxf3 31. Qxf3 Qxf3 32. gxf3 Rgf7 33. Rd3 Kf8 34. Re4 Ke7 35. Re2 Ke6 36. Red2 b5 37. Ra2 bxc4 38. bxc4 Ra7 39. Rad2 Rfd7 40. Rd5 Rac7 41. Ra5 Rc6 42. Kg2 Rb7 43. Kg3 Rb3 44. h4 Rc3 45. Rda2 R6xc4 46. Rxa6 Rf4 47. Rd2 Rfxf3+ 48. Kg4 Rfd3 49. Rxd3 Rxd3 50. Kg5 Rf3 51. Ra2 Rf5+ 52. Kg4 e4 53. Re2 Ke5 54. Ra2 d5 55. Ra7 Rxf2 56. Rxh7 e3 57. Kg5 Rf5+ 58. Kxg6 Rf6+ 0-1

[Event "EWICC 2019"]
[Site "Antalya"]
[Date "2019.04.16"]
[Round "6.48"]
[White "Rakhmangulova, Anastasiya"]
[Black "Hereklioglu, Sude"]
[Result "1-0"]
[WhiteElo "2255"]
[BlackElo "1948"]
[Annotator "NA"]
[PlyCount "49"]
[EventDate "2019.04.11"]
[EventType "swiss"]
[EventCountry "TUR"]
[SourceTitle "playchess.com"]
[Source "ChessBase"]
[SourceQuality "1"]

1. e4 c5 2. Nf3 Nc6 3. d4 cxd4 4. Nxd4 Nf6 5. Nc3 d6 6. Bg5 e6 7. Qd2 h6 8. Bxf6 gxf6 9. O-O-O a6 10. f4 Bd7 11. Be2 b5 12. Bf3 Rc8 13. Rhe1 Na5 14. b3 Qc7 15. Nce2 Nb7 16. Kb1 e5 17. Nf5 a5 18. Ne3 Bc6 19. Nc3 b4 20. Ncd5 Qd8 21. Bh5 Nc5 22. Nc4 Ne6 23. Rf1 Bxd5 24. Qxd5 Rc5 25. Qxe6+ 1-0

[Event "EWICC 2019"]
[Site "Antalya"]
[Date "2019.04.16"]
[Round "6.49"]
[White "Anacoglu, Cisel"]
[Black "Rodshtein, Tereza"]
[Result "0-1"]
[WhiteElo "1958"]
[BlackElo "2234"]
[Annotator "NA"]
[PlyCount "58"]
[EventDate "2019.04.11"]
[EventType "swiss"]
[EventCountry "TUR"]
[SourceTitle "playchess.com"]
[Source "ChessBase"]
[SourceQuality "1"]

1. e4 e5 2. Nf3 Nc6 3. Bb5 a6 4. Ba4 Nf6 5. O-O b5 6. Bb3 Bc5 7. c3 d6 8. d4 Bb6 9. h3 O-O 10. Re1 h6 11. a4 Rb8 12. Na3 exd4 13. cxd4 Na5 14. Ba2 b4 15. Nc4 Nxc4 16. Bxc4 Nxe4 17. Qb3 Bb7 18. a5 Ba7 19. Qd3 Ra8 20. Rxe4 d5 21. Rg4 dxc4 22. Qd2 Bxf3 23. gxf3 Qd5 24. Qxh6 Bxd4 25. Qh4 c5 26. Bg5 Qxf3 27. Rf1 Rfe8 28. Rf4 Qd5 29. Rg4 Re6 0-1

[Event "EWICC 2019"]
[Site "Antalya"]
[Date "2019.04.16"]
[Round "6.50"]
[White "Kusenkova, Natallia"]
[Black "Sahin, Handenur"]
[Result "1-0"]
[WhiteElo "2211"]
[BlackElo "2017"]
[Annotator "NA"]
[PlyCount "105"]
[EventDate "2019.04.11"]
[EventType "swiss"]
[EventCountry "TUR"]
[SourceTitle "playchess.com"]
[Source "ChessBase"]
[SourceQuality "1"]

1. d4 d5 2. c4 c6 3. Nf3 Nf6 4. g3 Bg4 5. Ne5 Bf5 6. cxd5 cxd5 7. Nc3 Nc6 8. f3 Rc8 9. Bf4 Qb6 10. Rc1 e6 11. Na4 Qa5+ 12. Kf2 Be7 13. g4 Bg6 14. h4 h6 15. Nxg6 fxg6 16. e3 O-O 17. Kg2 Nd7 18. Nc3 Qb4 19. Qd2 Na5 20. Qc2 Nc4 21. Bxc4 Rxc4 22. Rb1 Rc6 23. Bg3 Qc4 24. Rbc1 Nb6 25. Rhd1 Bb4 26. Qf2 Bxc3 27. Rxc3 Qxa2 28. Ra3 Qc4 29. Rxa7 Qb3 30. Rd2 Nc4 31. Re2 Rb6 32. Ra1 Ra6 33. Rc1 Ra2 34. Rc3 Qb4 35. Rcc2 Rfa8 36. e4 dxe4 37. Rxe4 Qb3 38. Ree2 Rf8 39. Rc3 Qb4 40. Rcc2 Qb3 41. Rc3 Qb4 42. Rec2 b5 43. b3 Rxc2 44. Qxc2 Na3 45. Qd3 Rf7 46. Rc8+ Rf8 47. Rc6 Qe7 48. Bd6 Qd7 49. Bxf8 Kxf8 50. Rc5 Ke7 51. Qe4 Kf7 52. Qe5 Ke8 53. Rc7 1-0

[Event "EWICC 2019"]
[Site "Antalya"]
[Date "2019.04.16"]
[Round "6.51"]
[White "Narva, Triin"]
[Black "Sieber, Fiona"]
[Result "1-0"]
[WhiteElo "2129"]
[BlackElo "2310"]
[Annotator "NA"]
[PlyCount "78"]
[EventDate "2019.04.11"]
[EventType "swiss"]
[EventCountry "TUR"]
[SourceTitle "playchess.com"]
[Source "ChessBase"]
[SourceQuality "1"]

1. e4 e5 2. Nf3 Nc6 3. Bc4 Nf6 4. d3 Be7 5. O-O d6 6. a4 O-O 7. Re1 Nd7 8. c3 a5 9. Ba2 Bf6 10. Na3 Re8 11. Nc4 g6 12. Bh6 Nc5 13. Ne3 Be6 14. Nd5 Bxd5 15. Bxd5 Ne6 16. Qb3 Rb8 17. Qb5 Qd7 18. Re2 Rec8 19. Rd1 Ned8 20. d4 Qg4 21. dxe5 Bxe5 22. Nxe5 dxe5 23. f3 Qh4 24. Be3 Kg7 25. Red2 Qf6 26. Ba2 Ne6 27. Bd5 Ned8 28. Ba2 b6 29. Rd7 Na7 30. Qd5 Ne6 31. Qd3 Nc6 32. Bxe6 Qxe6 33. Qd2 Rd8 34. Bh6+ Kg8 35. Rxd8+ Nxd8 36. Qxd8+ Qe8 37. Qxe8+ Rxe8 38. Rd7 Rc8 39. Kf2 g5 1-0

[Event "EWICC 2019"]
[Site "Antalya"]
[Date "2019.04.16"]
[Round "6.52"]
[White "Calzetta Ruiz, Monica"]
[Black "Kejzar, Petra"]
[Result "1-0"]
[WhiteElo "2283"]
[BlackElo "2082"]
[Annotator "NA"]
[PlyCount "89"]
[EventDate "2019.04.11"]
[EventType "swiss"]
[EventCountry "TUR"]
[SourceTitle "playchess.com"]
[Source "ChessBase"]
[SourceQuality "1"]

1. e4 c5 2. Nf3 e6 3. d4 cxd4 4. Nxd4 Nc6 5. Nc3 Qc7 6. Qd3 a6 7. Nxc6 bxc6 8. Qg3 Qxg3 9. hxg3 Bb4 10. Bd2 d6 11. O-O-O Nf6 12. f3 O-O 13. g4 Nd7 14. a3 Ba5 15. Rh5 Bc7 16. Bd3 g6 17. Rh6 f6 18. Rdh1 Rf7 19. Bc4 Ne5 20. Ba2 Bd7 21. g5 fxg5 22. Bxg5 Re8 23. R6h4 Bc8 24. f4 Nd7 25. Ne2 Nf8 26. Rd1 a5 27. Nd4 Bd7 28. Bh6 Kh8 29. Nf3 Bc8 30. Ng5 Rfe7 31. Rdh1 Nd7 32. f5 gxf5 33. exf5 d5 34. fxe6 Ne5 35. Bf8 Rxf8 36. Rxh7+ Rxh7 37. Rxh7+ Kg8 38. Rxc7 Rf1+ 39. Kd2 Bxe6 40. Nxe6 Rf2+ 41. Kd1 Rxg2 42. Nd4 Kf8 43. Nxc6 Ng4 44. Rf7+ Kg8 45. Rf3 1-0

[Event "EWICC 2019"]
[Site "Antalya"]
[Date "2019.04.16"]
[Round "6.53"]
[White "Aydin, Gulenay"]
[Black "Semenova, Elena"]
[Result "0-1"]
[WhiteElo "1936"]
[BlackElo "2216"]
[Annotator "NA"]
[PlyCount "108"]
[EventDate "2019.04.11"]
[EventType "swiss"]
[EventCountry "TUR"]
[SourceTitle "playchess.com"]
[Source "ChessBase"]
[SourceQuality "1"]

1. e4 e5 2. Nf3 Nc6 3. Nc3 Nf6 4. Bb5 Bb4 5. O-O O-O 6. d3 d6 7. Bg5 Ne7 8. Nh4 c6 9. Bc4 d5 10. Bb3 a5 11. a4 Bxc3 12. bxc3 Ng6 13. Nxg6 hxg6 14. f4 Qb6+ 15. Kh1 Ng4 16. fxe5 Nf2+ 17. Rxf2 Qxf2 18. exd5 Qf5 19. Be7 Re8 20. Bd6 cxd5 21. Bxd5 Ra6 22. Be4 Qf2 23. Qf3 Qxf3 24. gxf3 Rb6 25. d4 Bf5 26. Bxf5 gxf5 27. Bc7 Rb2 28. Rc1 Ra8 29. Kg2 Kf8 30. Kg3 Ke7 31. Kf4 Kd7 32. Bd6 Rc8 33. Kxf5 Rxc3 34. f4 g6+ 35. Kf6 Rf3 36. Kxf7 Rxf4+ 37. Kxg6 Rxd4 38. Rf1 Rxa4 39. Rf7+ Ke6 40. Re7+ Kd5 41. Rc7 Rf4 42. h4 Rxh4 43. Kf5 Rh5+ 44. Kf4 Rb1 45. Ke3 Rh3+ 46. Kd2 a4 47. Rd7 Rh2+ 48. Kc3 Rh3+ 49. Kd2 b5 50. Bb8+ Kc4 51. e6 Rhh1 52. Rc7+ Kb4 53. e7 Rhe1 54. c4 Kb3 0-1

[Event "EWICC 2019"]
[Site "Antalya"]
[Date "2019.04.16"]
[Round "6.54"]
[White "Represa Perez, Mireya"]
[Black "Trisha Kanyamarala"]
[Result "1/2-1/2"]
[WhiteElo "2164"]
[BlackElo "2028"]
[Annotator "NA"]
[PlyCount "100"]
[EventDate "2019.04.11"]
[EventType "swiss"]
[EventCountry "TUR"]
[SourceTitle "playchess.com"]
[Source "ChessBase"]
[SourceQuality "1"]

1. e4 c5 2. Nf3 d6 3. d4 cxd4 4. Qxd4 Nc6 5. Bb5 Bd7 6. Bxc6 Bxc6 7. Nc3 Nf6 8. Bg5 e6 9. O-O-O Be7 10. Rhe1 O-O 11. Kb1 Qa5 12. Qd2 Qb6 13. Nd4 Rfd8 14. f3 a6 15. g4 Qc7 16. Nce2 a5 17. Ng3 a4 18. Nh5 Ne8 19. Bxe7 Qxe7 20. h4 g6 21. Ng3 e5 22. Nxc6 bxc6 23. h5 Rdb8 24. hxg6 fxg6 25. Qc3 c5 26. Nf1 Nc7 27. Ne3 Nb5 28. Qd3 Kh8 29. Ka1 Nd4 30. Nc4 Qe6 31. c3 Qxc4 32. cxd4 Qb4 33. Re2 cxd4 34. Rh2 Ra7 35. Rdh1 Rc7 36. g5 Rbc8 37. Kb1 Qc5 38. a3 Rb8 39. Ka1 Rb3 40. Qa6 Rb8 41. Qxa4 d3 42. Qd1 Qb5 43. Qd2 Qb3 44. Rc1 Rbc8 45. Rxc7 Rxc7 46. Rh1 Kg7 47. Qb4 Qc2 48. Qxd6 d2 49. Qxe5+ Kg8 50. Qe8+ Kg7 1/2-1/2

[Event "EWICC 2019"]
[Site "Antalya"]
[Date "2019.04.16"]
[Round "6.55"]
[White "Ilyuchyk, Yana"]
[Black "Gokbulut, Julia"]
[Result "0-1"]
[WhiteElo "2152"]
[BlackElo "2021"]
[Annotator "NA"]
[PlyCount "84"]
[EventDate "2019.04.11"]
[EventType "swiss"]
[EventCountry "TUR"]
[SourceTitle "playchess.com"]
[Source "ChessBase"]
[SourceQuality "1"]

1. e4 c6 2. d4 d5 3. Nd2 dxe4 4. Nxe4 Bf5 5. Ng3 Bg6 6. Nh3 e6 7. Nf4 Ne7 8. h4 e5 9. dxe5 Qa5+ 10. c3 Qxe5+ 11. Be2 Nd7 12. O-O O-O-O 13. Qa4 a6 14. Nxg6 hxg6 15. Be3 Qc7 16. Bf4 Qb6 17. Be3 Qc7 18. Bf4 Qb6 19. Ne4 Nf5 20. g3 Nc5 21. Nxc5 Bxc5 22. Qc4 Rd7 23. Bg4 Qb5 24. Qe4 Bd6 25. Bxd6 Rxd6 26. b3 Re6 27. Qf3 Rhe8 28. Rad1 Qe5 29. Qd3 Qf6 30. Kg2 Kb8 31. Qf3 Re4 32. Rd3 Qe6 33. Bh3 Rh8 34. Bxf5 gxf5 35. Rfd1 g6 36. Rd8+ Rxd8 37. Rxd8+ Ka7 38. Qd3 Qe5 39. Rd7 f6 40. Kf3 Qe8 41. Qd6 Re1 42. Qd3 Rd1 0-1

[Event "EWICC 2019"]
[Site "Antalya"]
[Date "2019.04.16"]
[Round "6.56"]
[White "De Seroux, Camille"]
[Black "Ferkova, Dominika"]
[Result "0-1"]
[WhiteElo "2151"]
[BlackElo "1993"]
[Annotator "NA"]
[PlyCount "102"]
[EventDate "2019.04.11"]
[EventType "swiss"]
[EventCountry "TUR"]
[SourceTitle "playchess.com"]
[Source "ChessBase"]
[SourceQuality "1"]

1. e4 c6 2. d4 d5 3. Nc3 dxe4 4. Nxe4 Bf5 5. Nc5 Qc7 6. Bd3 Bxd3 7. Nxd3 e6 8. Nf3 Nd7 9. Qe2 Ngf6 10. c4 Be7 11. O-O O-O 12. Bf4 Bd6 13. Nfe5 c5 14. dxc5 Nxc5 15. Rad1 Rad8 16. Nxc5 Qxc5 17. Rfe1 Qc7 18. h3 Nd7 19. Nxf7 Bxf4 20. Nxd8 Qxd8 21. Qxe6+ Rf7 22. Rd5 g6 23. Re4 Bc7 24. Re2 Qf6 25. Qe8+ Nf8 26. Qe4 Qa6 27. b4 Qa3 28. Qb1 Qc3 29. Rc2 Qf6 30. g3 Qe6 31. Kh2 Qe4 32. Qd1 Qe7 33. a3 h5 34. Qe2 Qf6 35. Kg2 h4 36. Rcd2 hxg3 37. fxg3 Qc3 38. Qd3 Qa1 39. Rd1 Qa2+ 40. Rd2 Qa1 41. Rd4 Qc1 42. Rc2 Qg5 43. Rg4 Qf6 44. h4 Qc6+ 45. Qd5 Qf6 46. h5 Qf1+ 47. Kh2 Kg7 48. hxg6 Rf5 49. Qd4+ Be5 50. Qe4 Nxg6 51. Rc1 Rf2+ 0-1

[Event "EWICC 2019"]
[Site "Antalya"]
[Date "2019.04.16"]
[Round "6.57"]
[White "Palma, Maria"]
[Black "Berke, Ana"]
[Result "1/2-1/2"]
[WhiteElo "1998"]
[BlackElo "2146"]
[Annotator "NA"]
[PlyCount "134"]
[EventDate "2019.04.11"]
[EventType "swiss"]
[EventCountry "TUR"]
[SourceTitle "playchess.com"]
[Source "ChessBase"]
[SourceQuality "1"]

1. c4 e6 2. Nf3 d5 3. d4 a6 4. Nc3 dxc4 5. a4 Nc6 6. e3 Na5 7. Ne5 c5 8. Nxc4 cxd4 9. exd4 Nf6 10. Bg5 Be7 11. Rc1 O-O 12. Bd3 b6 13. O-O Bb7 14. Ne5 Nc6 15. Nxc6 Bxc6 16. Bb1 Qd7 17. Qd3 g6 18. Bc2 Rfd8 19. Rfd1 Nd5 20. Bxe7 Qxe7 21. Qg3 Rd7 22. Bb3 Rad8 23. Ne4 Bb7 24. Qe5 f6 25. Nxf6+ Qxf6 26. Qxf6 Nxf6 27. Bxe6+ Kg7 28. Bxd7 Rxd7 29. f3 Nd5 30. Kf2 Rf7 31. Rc2 g5 32. h3 Nf4 33. Rcd2 Bd5 34. Re1 Kg6 35. Re8 h5 36. Kg3 Rd7 37. h4 Ne6 38. hxg5 Kxg5 39. Rg8+ Kf6 40. Rh8 Kg6 41. Rb8 Rd6 42. b4 Bc4 43. d5 Bxd5 44. a5 bxa5 45. bxa5 Nc5 46. Rb6 Rxb6 47. axb6 Bb7 48. Rd6+ Kg5 49. f4+ Kf5 50. Rh6 Ne4+ 51. Kh4 Nf6 52. g3 Bf3 53. Rh8 Nd7 54. b7 Bxb7 55. Rxh5+ Kf6 56. g4 Ke7 57. Rh7+ Kd6 58. g5 a5 59. Rh6+ Kc5 60. g6 Nf6 61. Kg5 Ng8 62. Rh8 Bd5 63. f5 a4 64. f6 Nxf6 65. Kxf6 a3 66. Rh2 a2 67. Rxa2 Bxa2 1/2-1/2

[Event "EWICC 2019"]
[Site "Antalya"]
[Date "2019.04.16"]
[Round "6.58"]
[White "Hapala, Elisabeth"]
[Black "Pintor, Ariana"]
[Result "1-0"]
[WhiteElo "2140"]
[BlackElo "1918"]
[Annotator "NA"]
[PlyCount "125"]
[EventDate "2019.04.11"]
[EventType "swiss"]
[EventCountry "TUR"]
[SourceTitle "playchess.com"]
[Source "ChessBase"]
[SourceQuality "1"]

1. e4 c6 2. d4 d5 3. Nc3 dxe4 4. Nxe4 Bf5 5. Ng3 Bg6 6. Nh3 Nd7 7. Bc4 e5 8. Qe2 Ne7 9. O-O Qc7 10. Re1 f6 11. dxe5 fxe5 12. Be6 O-O-O 13. c3 Kb8 14. Bg5 h6 15. Bh4 Bh7 16. Ne4 g5 17. Bg3 Ng6 18. Bxd7 Rxd7 19. Nf6 Re7 20. Rad1 Nf4 21. Qg4 Bg7 22. Nxh7 Rxh7 23. f3 Bf6 24. Qf5 Ref7 25. Nf2 Qb6 26. b3 h5 27. Rxe5 Be7 28. Qe4 a6 29. Kh1 Rhg7 30. Bxf4 Rxf4 31. Qe2 g4 32. Rxe7 Rxe7 33. Qxe7 Ka7 34. Qe5 Rf8 35. Qd4 c5 36. Qd6 Qxd6 37. Rxd6 gxf3 38. c4 fxg2+ 39. Kxg2 Re8 40. Rd2 Re3 41. Nd3 Kb6 42. Nf4 Re5 43. Rd6+ Kc7 44. Rd5 Re4 45. Kf3 Re1 46. Rxc5+ Kb6 47. Rxh5 Ra1 48. Nd5+ Kc5 49. Ne3+ Kc6 50. Nc2 Rf1+ 51. Ke2 Rg1 52. Kd3 b6 53. h4 a5 54. Rg5 Rh1 55. h5 Rh3+ 56. Ne3 Rh2 57. a3 Rb2 58. Kc3 Re2 59. Rg6+ Kb7 60. Nd5 Rh2 61. Rxb6+ Ka7 62. h6 Rh3+ 63. Kd4 1-0